|
|
|
|
| LEADER |
00683cam a2200181 7i4500 |
| 001 |
0000048529 |
| 005 |
20200123090000.0 |
| 020 |
|
|
|a 9718686274
|
| 090 |
0 |
0 |
|a JQ1409.5.C6
|b C67 2000
|
| 100 |
1 |
|
|a Coronel, Sheila S
|
| 245 |
1 |
0 |
|a Betrayals of the public trust :
|b investigative reports on corruption
|c Sheila S. Coronel.
|
| 260 |
|
|
|a Philippine:
|b Philippine Center for Investigate Journalism,
|c 2000.
|
| 300 |
|
|
|a 306 p.
|
| 500 |
|
|
|a Gift: Zainol Ahmad Resource Center
|
| 650 |
0 |
0 |
|a Political corruption --
|z Philippines
|
| 650 |
0 |
0 |
|a Misconduct in office --
|z Philippines
|
| 650 |
0 |
0 |
|a Investigative reporting --
|z Philippines
|
| 999 |
|
|
|a 0000067525
|b BOK
|c OPEN SHELF
|e 1st Floor, Bestari Jaya
|